| 000 | 00625nam a22001937a 4500 | ||
|---|---|---|---|
| 005 | 2010081109169.0 | ||
| 010 | _aENG-99675 | ||
| 020 | _c35.00 | ||
| 035 | _aEN-83207 | ||
| 037 | _bDBAD/PUB | ||
| 082 | _a881 | ||
| 100 |
_aRetnavathy, J. Renuka _911010 |
||
| 245 |
_aSeeds sowed : _bpoems / _cby J. Renuka Retnavathy |
||
| 260 |
_aNagercoil _bJ. Renuka Retnavathy _c2010 |
||
| 270 |
_a243A, Kumari Nesavalar Colony _bNagercoil _e629003 |
||
| 300 |
_a66p. _c20cm (pbk) |
||
| 942 |
_2ddc _cEN _h881 _mRET |
||
| 999 |
_c41004 _d41004 |
||